| 000 | 00545nam a22001697a 4500 | ||
|---|---|---|---|
| 003 | OSt | ||
| 005 | 20260122110607.0 | ||
| 008 | 260122b |||||||| |||| 00| 0 eng d | ||
| 040 | _cMRSPTU | ||
| 041 | _aEnglish | ||
| 100 | _aAnil Arora, Supervisor: Dr. Shaveta Rani | ||
| 245 | _aTo Design Synchronized 2-Way Home Automation System System Using Raspberry PI Zero W | ||
| 260 |
_bDepartment of CSE, MRSPTU, Bathinda _c2021 |
||
| 650 | _aComputer Science | ||
| 856 | _uhttp://163.47.215.52:8080/jspui/handle/123456789/415 | ||
| 942 |
_2ddc _cTH _n0 |
||
| 999 |
_c10722 _d10722 |
||